STN EN 12073: 2001 [neplatná] (05 5503) Zváracie materiály. Plnené drôtové elektródy na oblúkové zváranie nehrdzavejúcich a žiaruvzdorných ocelí s ochranným plynom alebo bez ochranného plynu. Klasifikácia
Norma je identická s EN 12073: 1999
| Main Authors: | , |
|---|---|
| Corporate Authors: | , |
| Format: | Book |
| Language: | Czech Slovak English |
| PhysicalDescription: | 12 s. tab. 30 cm |
| Published: |
Bratislava
Slovenský ústav technickej normalizácie
2001
|
| Subjects: |
MARC
| LEADER | 00000nam a2200000 a 4500 | ||
|---|---|---|---|
| 001 | vtls009729964 | ||
| 003 | SK-MaSNL | ||
| 005 | 20260301082452.0 | ||
| 008 | 130117s2001 xo f u 000 0 cze | ||
| 015 | |a SNBN2011/03-02496 | ||
| 020 | |c 130.00 Sk (cen. skup. 10) | ||
| 035 | |a (SVKBBclas03)vtls000104797 | ||
| 040 | |a SNK |b slo |c SNK |e AACR2 | ||
| 041 | 1 | |a cze |a slo |h eng | |
| 046 | |m 200111 (účin.) |n 200611 (zruš.) | ||
| 072 | 7 | |a 621.7 |x Mechanická technológia |2 konspekt | |
| 080 | |a 621.791.042 |2 2001 | ||
| 080 | |a 621.791.754 |2 2001 | ||
| 080 | |a 669.14 |2 2001 | ||
| 080 | |a 006.74 |2 2001 | ||
| 084 | |a 25.160.20 |2 ICS | ||
| 130 | 0 | |a STN 05 5503 (STN EN 12073) |9 407456 | |
| 245 | 1 | 0 | |a STN EN 12073: 2001 [neplatná] (05 5503) Zváracie materiály. Plnené drôtové elektródy na oblúkové zváranie nehrdzavejúcich a žiaruvzdorných ocelí s ochranným plynom alebo bez ochranného plynu. Klasifikácia |c spracovateľ Výskumný ústav zváračský Bratislava, Iveta Paldanová, ESAB VAMBERK s.r.o., Zdeněk Zavadil |
| 246 | 1 | |a Zváracie materiály | |
| 246 | 1 | |a Plnené drôtové elektródy na oblúkové zváranie nehrdzavejúcich a žiaruvzdorných ocelí s ochranným plynom alebo bez ochranného plynu. Klasifikácia | |
| 246 | 3 | |a EN 12073: 1999 E | |
| 260 | |a Bratislava |b Slovenský ústav technickej normalizácie |c 2001 | ||
| 300 | |a 12 s. |b tab. |c 30 cm | ||
| 500 | |a Od 1.11.2006 je nahradená STN EN ISO 17634 z novembra 2006 | ||
| 504 | |a Citované normy: s. 2; bibliografia s. III. | ||
| 520 | 8 | |a Norma je identická s EN 12073: 1999 | |
| 546 | |a Vydaná v češtine | ||
| 650 | 0 | 7 | |a zváranie elektrickým oblúkom |2 SVKBBPH |9 82005 |
| 650 | 0 | 7 | |a zváracie elektródy |2 SVKBBPH |9 407457 |
| 650 | 0 | 7 | |a zváranie ocelí |2 SVKBBPH |9 407458 |
| 650 | 0 | 7 | |a technické normy a štandardy |z krajiny Európskej únie |2 SVKBBPH |9 289341 |
| 650 | 0 | 7 | |a technické normy a štandardy |z Slovensko |2 SNKPH |9 79594 |
| 655 | 7 | |a normy |2 SVKBBPH |9 70643 | |
| 700 | 1 | |a Paldanová, Iveta |4 trl |4 aut |9 18075 | |
| 700 | 1 | |a Zavadil, Zdeněk |4 trl |4 aut |9 407459 | |
| 710 | 2 | |a Výskumný ústav zváračský (Bratislava, Slovensko) |4 aut |9 32791 | |
| 710 | 2 | |a ESAB VAMBERK (Vamberk, Česko) |4 aut |9 56468 | |
| 710 | 2 | |a Slovenský ústav technickej normalizácie (Bratislava, Slovensko). |b TNK 11 Zváranie a príbuzné procesy |4 stn |9 407460 | |
| 958 | |a OP | ||
| 958 | |a NB | ||
| 999 | |c 658596 |d 660526 | ||
| 952 | |a SNK |b SNK |y PREZ |7 0 |p 17A0537835 |o snkSTN EN 12073 D1 |i snk2007/1699 |8 0 |0 0 |1 0 |4 0 |d 2007-01-19 |l 0 |r 2026-02-23 18:45:20 |w 2026-02-23 | ||
| 952 | |a SNK |b SNK |y PREZ |7 0 |p 17A0537834 |o snkSTN EN 12073 |i snk2007/1698 |8 0 |0 0 |1 0 |4 0 |d 2007-01-19 |l 0 |r 2026-02-23 18:45:20 |w 2026-02-23 | ||


